000 01048nam a2200217Ia 4500
999 _c39722
_d39722
001 6327
003 GE_BSU
005 20191023150454.0
008 181216s1976||||ge |||||||||||||| ||geo||
040 _cGE_BSU
041 _ageo
080 _a821.353.1 ბ-25
100 _aბარათაშვილი, ნიკოლოზ
_94936
245 _aლექსნი თქმულნი თ. ნ. ბარათაშვილისაგან :
_bლექსი /
_cნიკოლოზ ბარათაშვილი.
260 _aგამოცემა წარმოადგენს ნ. ბარათაშვილის 1876 წელს გამოცემულ ლექსთა კრებულის ზუსტ ასლს
264 _aთბილისი :
_bნაკადული ;
_c1976.
300 _a63 გვ. ;
_c16 სმ.
653 _aლექსნი თქმულნი თ. ნ. ბარათაშვილისაგან
653 _aლექსი
942 _cBK
_2udc